000 00822cam a2200229 4500
001 ABS62479
008 000000n2000 000 0 eng u
035 _a(Sirsi) u106651
100 _aMoody, M.
245 _aOutsourcing the office
260 _c2000
490 _aFacilities Management
_v7(8) June 2000, 16-17(2)
520 _aDescribes the flexibility and opportunities serviced offices present to facilities managers. Gives a breakdown of comparative costs for conventional and serviced space, and looks at the take-up demand for office space provided by MWB Business Exchange.
590 _aABS
650 _aSERVICED OFFICES
650 _aFACILITIES MANAGERS
650 _aOFFICE SPACE
650 _aFLEXIBILITY
650 _aCOST SAVINGS
690 _aMANAGEMENT-FACILITIES MANAGEMENT
942 _n0
999 _c63858
_d63858